Informe general sobre la exploración sanitaria de Quitupan, estado de Jalisco /

Αποθηκεύτηκε σε:
Λεπτομέρειες βιβλιογραφικής εγγραφής
Κύριος συγγραφέας: Velázquez de León, Emilio (autor)
Μορφή: Βιβλίο
Γλώσσα:Ισπανικά
Θέματα:
Ετικέτες: Προσθήκη ετικέτας
Δεν υπάρχουν, Καταχωρήστε ετικέτα πρώτοι!

MARC

LEADER 00000nam^a2200000^a^4500
001 000136681
005 20250521000000.0
009 20260310095326.443
037 |a Acervo ITESO - Biblioteca 
041 |a ESP 
082 |a 614. 97235  |b VEL 
100 |a Velázquez de León, Emilio  |e (autor) 
245 1 0 |a Informe general sobre la exploración sanitaria de Quitupan, estado de Jalisco /  |c E. Velázquez de León. 
264 |a México :  |b edición de autor,  |c 1937 
300 |a 36 p. 
336 |a texto  |b txt  |2 rdacontenido 
337 |a sin mediación  |b n  |2 rdamedio 
338 |a volumen  |b nc  |2 rdasoporte 
649 |a XX 
650 |a Salud Pública 
650 |a Medicina Social 
650 |a Medicina 
650 |a Ciencias Médicas 
650 |a Ciencia 
650 |a Quitupan, Jalisco -  |x Historia 
650 |a Quitupan, Jalisco -  |x Condiciones Sociales y Culturales 
650 |a Jalisco -  |x Historia 
650 |a Jalisco -  |x Condiciones Sociales y Culturales 
650 |a México -  |x Historia 
650 |a México -  |x Condiciones Sociales y Culturales 
910 |a Fondo Salvador Reynoso Reynoso 
920 |a Impresos - Libros 
930 |a Fondos Especiales 
905 |a 112 
901 |a 0800013875  |b IT2  |c ESP  |u 20250521 
902 |a https://opac.biblio.iteso.mx/vufind/Record/000136681